Les amours paysannes : amour et sexualité dans les campagnes de l'ancienne France (XVIe - XIXe siècle)

Saved in:
Bibliographic Details
Main Author: Flandrin, Jean Louis
Format: Book
Language:French
Published: Paris : Seuil, 1975
Series:Collection Archives
Subjects:
Tags: Add Tag
No Tags, Be the first to tag this record!

MARC

LEADER 00000nam a2200000 i 4500
001 1/67055
008 931025s fre d
020 |a 2-07-029181-2 
035 |a ΛΕΣΒΟΣb10001831  |l 10001831 
040 |a GR-MY-UA  |b gre  |e aacr 
041 0 |a fre 
082 0 |a 306.70944 
100 1 |a Flandrin, Jean Louis. 
245 1 4 |a Les amours paysannes :  |b amour et sexualité dans les campagnes de l'ancienne France (XVIe - XIXe siècle) /  |c Jean-Louis Flandrin 
260 |a Paris :   |b Seuil,   |c 1975 
300 |a 255 p. 
490 1 |a Collection Archives 
504 |a Includes bibliographical references 
650 0 0 |a Love  |z France. 
650 0 0 |a Marriage  |z France. 
650 0 0 |a Sex. 
830 0 |a Collection Archives 
852 |a INST  |b LESVOS  |e 19931025  |h 306.70944 FLA  |p 005100005460  |q 005100005460  |t BK  |y 0 
909 |a Λ  |b 020839